000 00352 a2200157 4500
001 62213
020 _a9780764135767
040 _cAnchieta - Pituba
100 _aGoldman, Leslie
240 1 0 _aNight at the museum
_lpor
245 1 0 _aNight at the museum
300 _a139
362 0 _a2006
650 4 _aLiteratura juvenil em inglês
942 _cBK
999 _c62213
_d62213